000 00312nam a22001337a 4500
008 170405b xxu||||| |||| 00| 0 eng d
020 _a0716707128
041 _aeng
080 _22ND
_a 574
100 _a9
101 _aSHM
245 _aCOMPARATIVE MORPHOLOGY OF VASCULAR PLANTS
_cFOSTER
942 _2udc
_cBK
999 _c9823
_d9823